[Event "SR 3. liga A2 2016/2017"]
[Site "?"]
[Date "2016.10.16"]
[Round "1.2"]
[White "Kundrik, Peter"]
[Black "Straka, Jozef Ml"]
[Result "1/2-1/2"]
[WhiteElo "2252"]
[BlackElo "2280"]
[PlyCount "21"]
[EventDate "2016.??.??"]

1. e4 e6 2. d4 d5 3. Nd2 dxe4 4. Nxe4 Nd7 5. g3 Ngf6 6. Nxf6+ Nxf6 7. Bg2 c5 8.
Ne2 Be7 9. O-O O-O 10. c4 Qb6 11. Qb3 1/2-1/2

[Event "SR 3. liga A2 2016/2017"]
[Site "?"]
[Date "2016.10.16"]
[Round "1.2"]
[White "Danada, Tomas"]
[Black "Nemsak, Denis"]
[Result "1-0"]
[WhiteElo "2241"]
[BlackElo "2013"]
[PlyCount "74"]
[EventDate "2016.??.??"]

1. b4 e5 2. a3 f5 3. Bb2 d6 4. d4 e4 5. c4 Nf6 6. Nc3 g6 7. e3 Bg7 8. Nh3 O-O
9. Nf4 Nc6 10. h4 Ne7 11. h5 g5 12. h6 Bh8 13. Nh3 g4 14. Nf4 Ng6 15. Nce2 Qe7
16. Qb3 Be6 17. d5 Bf7 18. Nd4 Nxf4 19. exf4 Qd7 20. Be2 c6 21. dxc6 bxc6 22.
Rd1 Rfe8 23. b5 c5 24. Nc2 a6 25. a4 axb5 26. axb5 Ra5 27. Bc3 Raa8 28. Ne3 Be6
29. Qb2 Qe7 30. Kf1 Kf7 31. g3 Red8 32. Kg2 Rd7 33. Bxg4 Nxg4 34. Bxh8 Nf6 35.
Bg7 Ra4 36. Ra1 Rda7 37. b6 Rb4 1-0

[Event "SR 3. liga A2 2016/2017"]
[Site "?"]
[Date "2016.10.16"]
[Round "1.2"]
[White "Podjavorinsky, Michal"]
[Black "Sosovicka, Juraj"]
[Result "0-1"]
[WhiteElo "1886"]
[BlackElo "2179"]
[PlyCount "65"]
[EventDate "2016.??.??"]

1. e4 e5 2. Nf3 Nc6 3. d4 exd4 4. Nxd4 Nf6 5. Nxc6 bxc6 6. Bd3 d5 7. e5 Nd7 8.
O-O Nc5 9. b3 Be7 10. Bb2 O-O 11. Re1 f6 12. f4 a5 13. Qh5 f5 14. Re3 Qe8 15.
Qxe8 Rxe8 16. Kh1 Ne4 17. Ba3 c5 18. Bb5 Rd8 19. Kg1 Rb8 20. Bd3 g5 21. g3 gxf4
22. gxf4 Rb6 23. Re2 Kf7 24. Bxe4 fxe4 25. Nc3 Rg6+ 26. Kf2 Bh4+ 27. Ke3 d4+
28. Kxe4 Bb7+ 29. Kd3 Ba6+ 30. Ke4 dxc3 31. Re3 Bb7+ 32. Kf5 Bc8+ 33. Ke4 0-1

[Event "SR 3. liga A2 2016/2017"]
[Site "?"]
[Date "2016.10.16"]
[Round "1.2"]
[White "Pribila, Gerhard"]
[Black "Mihalik, Anton"]
[Result "1/2-1/2"]
[WhiteElo "2120"]
[BlackElo "1939"]
[PlyCount "94"]
[EventDate "2016.??.??"]

1. e4 c5 2. c3 d5 3. exd5 Qxd5 4. d4 Nf6 5. Nf3 Bg4 6. dxc5 Qxc5 7. Na3 Nc6 8.
Be3 Qa5 9. h3 Bxf3 10. Qxf3 e6 11. Nc4 Qc7 12. Bf4 e5 13. Qe2 Nd7 14. Bg5 f6
15. Be3 O-O-O 16. O-O-O Be7 17. Qc2 Nc5 18. Be2 g6 19. g4 Rxd1+ 20. Rxd1 Rd8
21. b4 Rxd1+ 22. Bxd1 Ne6 23. Be2 b5 24. Nb2 a6 25. a4 Qb7 26. Qb3 Ncd8 27.
axb5 axb5 28. Qd1 Qc6 29. Kb1 Qxc3 30. Bxb5 Nd4 31. Ba6+ Kc7 32. Bd2 Qc6 33.
Bd3 N8e6 34. Qa4 Qxa4 35. Nxa4 f5 36. gxf5 gxf5 37. b5 Nc5 38. Ba5+ Kb7 39.
Nxc5+ Bxc5 40. Bc4 Bb6 41. Bc3 Kc7 42. Kc1 Kd6 43. Kd1 Nf3 44. Bb4+ Kd7 45. Be1
Kd6 46. Bb4+ Kd7 47. Be1 Kd6 1/2-1/2

[Event "SR 3. liga A2 2016/2017"]
[Site "?"]
[Date "2016.10.16"]
[Round "1.2"]
[White "Manak, Adrian"]
[Black "Pribila, Michal"]
[Result "1-0"]
[WhiteElo "1934"]
[BlackElo "2085"]
[PlyCount "166"]
[EventDate "2016.??.??"]

1. e4 c5 2. Nf3 Nf6 3. Nc3 Nc6 4. d4 cxd4 5. Nxd4 e6 6. Ndb5 d6 7. Bf4 e5 8.
Bg5 a6 9. Na3 b5 10. Nd5 Be6 11. c3 h6 12. Bxf6 gxf6 13. Qf3 Bg7 14. Nc2 f5 15.
exf5 Bxd5 16. Qxd5 Ne7 17. Qf3 Bf6 18. Ne3 d5 19. Rd1 e4 20. Qf4 Bg5 21. Qe5 f6
22. Qe6 Bxe3 23. fxe3 Rf8 24. Be2 Qd7 25. Qxd7+ Kxd7 26. O-O Kd6 27. g4 Ke5 28.
Kg2 Rg8 29. Kg3 Rab8 30. Ra1 h5 31. h3 Rb6 32. a4 hxg4 33. hxg4 Rc8 34. axb5
axb5 35. Ra5 Rcb8 36. Rh1 Nc6 37. Raa1 b4 38. c4 d4 39. exd4+ Kxd4 40. Kf4 Kc5
41. Rhd1 Ne7 42. Kxe4 Re8 43. Kf3 Nc8 44. Rd5+ Kc6 45. Rad1 Rb7 46. Rd8 Rbe7
47. Rxe8 Rxe8 48. Rd2 Nd6 49. Kf4 Re4+ 50. Kg3 Re3+ 51. Kg2 Kc7 52. Bf3 b3 53.
Bd5 Ne4 54. Bxe4 Rxe4 55. Kf3 Rxc4 56. Rd3 Rb4 57. g5 fxg5 58. Kg3 Kc6 59. f6
Rf4 60. Rf3 Rxf3+ 61. Kxf3 Kd7 62. Kg4 Ke6 63. Kxg5 Kf7 64. Kf5 Kf8 65. Kf4 Ke8
66. Kf5 Kf7 67. Ke5 Kf8 68. Kd4 Kf7 69. Kc3 Kxf6 70. Kxb3 Ke6 71. Kc4 Kd6 72.
Kb5 Kc7 73. Ka6 Kb8 74. Kb6 Kc8 75. Kc6 Kb8 76. b3 Kc8 77. Kb6 Kb8 78. Kc6 Kc8
79. b4 Kb8 80. Kb6 Ka8 81. Ka6 Kb8 82. b5 Kc8 83. b6 Kb8 1-0

[Event "SR 3. liga A2 2016/2017"]
[Site "?"]
[Date "2016.10.16"]
[Round "1.2"]
[White "Nadzamova, Sofia"]
[Black "Curidlo, Jan"]
[Result "1/2-1/2"]
[WhiteElo "1745"]
[BlackElo "1886"]
[PlyCount "96"]
[EventDate "2016.??.??"]

1. e4 c5 2. c3 e6 3. d4 cxd4 4. cxd4 Nf6 5. e5 Nd5 6. Nc3 Bb4 7. Bd2 Qa5 8.
Nxd5 Bxd2+ 9. Qxd2 Qxd5 10. Nf3 O-O 11. b3 b6 12. Bc4 Qe4+ 13. Be2 Ba6 14. Qe3
Qd5 15. Bxa6 Qa5+ 16. Qd2 Qxd2+ 17. Nxd2 Nxa6 18. Nc4 Nb4 19. Kd2 f6 20. a3 Nc6
21. Ke3 fxe5 22. dxe5 b5 23. Nd6 Nxe5 24. f3 a6 25. Rac1 Nf7 26. Rhd1 Nxd6 27.
Rxd6 Ra7 28. Rcd1 Kf7 29. Rxd7+ Rxd7 30. Rxd7+ Kf6 31. Rd6 Ra8 32. Ke4 a5 33.
Rb6 b4 34. axb4 axb4 35. Rxb4 Ra2 36. g4 Rxh2 37. Rb7 Re2+ 38. Kd3 Re5 39. b4
Rd5+ 40. Ke4 h6 41. b5 g5 42. b6 Rb5 43. Kd4 Rb2 44. Kc5 Rc2+ 45. Kd6 Rd2+ 46.
Kc7 Rc2+ 47. Kd7 Rd2+ 48. Ke8 Rb2 1/2-1/2

[Event "SR 3. liga A2 2016/2017"]
[Site "?"]
[Date "2016.10.16"]
[Round "1.2"]
[White "Slaby, Jozef"]
[Black "Brunovsky, Peter"]
[Result "1/2-1/2"]
[WhiteElo "1732"]
[BlackElo "1808"]
[PlyCount "150"]
[EventDate "2016.??.??"]

1. Nf3 Nf6 2. c4 e6 3. g3 Be7 4. Bg2 O-O 5. O-O d5 6. b3 Nbd7 7. Bb2 b6 8. cxd5
exd5 9. Nc3 Bb7 10. d4 a6 11. Rc1 Bd6 12. Nh4 g6 13. Qc2 Re8 14. f4 Ng4 15. Nd1
Ndf6 16. Nf3 Ne4 17. Ne5 Ngf6 18. Nf2 Nxf2 19. Rxf2 Qe7 20. e3 h5 21. Re1 Qf8
22. Bf3 Rac8 23. Qd1 c5 24. f5 Qh6 25. fxg6 fxg6 26. Bg2 Rf8 27. Qd3 Ne4 28.
Rxf8+ Rxf8 29. Bxe4 dxe4 30. Qc4+ Kh7 31. Nf7 Qg7 32. Nxd6 Qf6 33. Rf1 Qxd6 34.
dxc5 Rxf1+ 35. Qxf1 Qd5 36. cxb6 Bc8 37. Bd4 Qf5 38. Qxf5 gxf5 39. Kf2 Kg6 40.
h4 Kf7 41. Ke2 Ke6 42. Kd2 Kd5 43. Kc3 Bb7 44. Kb4 Bc6 45. Ka5 Bb7 46. a4 Kc6
47. Kb4 Kd5 48. Kc3 Bc6 49. b4 Bb7 50. Bc5 Bc8 51. Bf8 Bb7 52. b5 axb5 53. axb5
Bc8 54. Kb4 Bb7 55. Ka5 Kc4 56. Ka4 Kc3 57. Bg7+ Kc4 58. Bd4 Kd5 59. Kb4 Kd6
60. Bc5+ Ke5 61. Bf8 Kd5 62. Be7 Ke6 63. Bd8 Kd5 64. Bc7 Bc8 65. b7 Bxb7 66.
Ka5 Kc5 67. Be5 Bd5 68. Bd4+ Kd6 69. Kb6 Kd7 70. Ka7 Kc7 71. Be5+ Kc8 72. Kb6
Bc4 73. Kc6 Be2 74. b6 Ba6 75. Kd6 Be2 1/2-1/2

[Event "SR 3. liga A2 2016/2017"]
[Site "?"]
[Date "2016.10.16"]
[Round "1.2"]
[White "Kubis, Ivan"]
[Black "Slaba, Andrea"]
[Result "1-0"]
[WhiteElo "1938"]
[BlackElo "1759"]
[PlyCount "85"]
[EventDate "2016.??.??"]

1. e4 e6 2. d4 d5 3. Nc3 Nf6 4. Bg5 dxe4 5. Nxe4 Nbd7 6. Bd3 Be7 7. Nxf6+ Nxf6
8. Nf3 O-O 9. O-O h6 10. Bh4 Nd5 11. Bg3 c5 12. Qe2 cxd4 13. Nxd4 Bd6 14. Rad1
Bxg3 15. hxg3 Qe7 16. c4 Nf6 17. Rfe1 Qc5 18. a3 Rd8 19. Nf3 Qe7 20. Ne5 Bd7
21. b4 a5 22. Rb1 axb4 23. axb4 Ra4 24. b5 Rda8 25. Red1 Be8 26. g4 Qc5 27. Bc2
Ra2 28. Rd2 Ra1 29. Kh2 Rxb1 30. Bxb1 Qb4 31. Bc2 Qc5 32. Bd3 Qc7 33. g3 Ra1
34. Kg2 Kf8 35. Qe3 b6 36. Qd4 Qb7+ 37. f3 Qa7 38. Qd6+ Kg8 39. Nc6 Qa4 40.
Ne7+ Kh8 41. Nc8 Re1 42. Qf8+ Ng8 43. Ne7 1-0

[Event "SR 3. liga A2 2016/2017"]
[Site "?"]
[Date "2016.10.16"]
[Round "1.3"]
[White "Vepy, Ivan"]
[Black "Sturdik, Igor"]
[Result "0-1"]
[WhiteElo "1923"]
[BlackElo "1986"]
[PlyCount "82"]
[EventDate "2016.??.??"]

1. e4 Nf6 2. Nc3 d5 3. e5 d4 4. exf6 dxc3 5. fxg7 cxd2+ 6. Qxd2 Qxd2+ 7. Bxd2
Bxg7 8. O-O-O Nc6 9. Nf3 Bg4 10. Bb5 O-O-O 11. Bxc6 bxc6 12. h3 Bxf3 13. gxf3
Bf6 14. Rhg1 Rhg8 15. Rg4 Rxg4 16. fxg4 Bd4 17. f4 e6 18. c3 Bc5 19. Kc2 Rd5
20. Re1 a6 21. Re4 Kb7 22. Be3 Bxe3 23. Rxe3 c5 24. Kb3 Kc6 25. a4 Rd2 26. Re5
c4+ 27. Kxc4 Rxb2 28. Rh5 Rf2 29. Rxh7 Rxf4+ 30. Kb3 f6 31. Rh5 e5 32. Rh6 Kd5
33. g5 fxg5 34. Rxa6 e4 35. Rg6 Rf5 36. a5 e3 37. a6 Ke4 38. Re6+ Kd3 39. Kb4
Rf8 40. c4 e2 41. Kb5 Ra8 0-1

[Event "SR 3. liga A2 2016/2017"]
[Site "?"]
[Date "2016.10.16"]
[Round "1.3"]
[White "Mosny, Jaroslav"]
[Black "Harastova, Viera"]
[Result "0-1"]
[WhiteElo "1975"]
[BlackElo "1862"]
[PlyCount "74"]
[EventDate "2016.??.??"]

1. d4 d5 2. Nf3 Nf6 3. e3 Bf5 4. Bd3 Bxd3 5. Qxd3 e6 6. O-O Bd6 7. Nbd2 Nbd7 8.
e4 dxe4 9. Nxe4 Nxe4 10. Qxe4 c6 11. Bg5 Nf6 12. Qh4 Be7 13. c4 Nd7 14. Bxe7
Qxe7 15. Qf4 O-O 16. Rfe1 Qf6 17. Qc7 Nb6 18. b3 Rab8 19. Rad1 Rfc8 20. Qg3 Rd8
21. Ne5 Rbc8 22. Rd3 Qe7 23. h4 Nd7 24. h5 Nxe5 25. Qxe5 Qf6 26. Qxf6 gxf6 27.
h6 Kh8 28. Rf3 Rxd4 29. Rxf6 Kg8 30. Re3 Rf8 31. Rg3+ Kh8 32. Rg7 Rd7 33. Rxe6
Rd1+ 34. Kh2 fxe6 35. Rxb7 Rd2 36. Rxa7 Rdxf2 37. Kg3 R2f6 0-1

[Event "SR 3. liga A2 2016/2017"]
[Site "?"]
[Date "2016.10.16"]
[Round "1.3"]
[White "Hrubsa, Marian"]
[Black "Doucha, Ludvig"]
[Result "1-0"]
[WhiteElo "1832"]
[BlackElo "1946"]
[PlyCount "85"]
[EventDate "2016.??.??"]

1. e4 e5 2. Nf3 Nc6 3. Bb5 Nge7 4. O-O g6 5. d4 exd4 6. Nxd4 Bg7 7. c3 O-O 8.
f4 Nxd4 9. cxd4 c6 10. Bd3 Bxd4+ 11. Kh1 d6 12. f5 gxf5 13. exf5 Bf6 14. Nc3 d5
15. Qh5 Kh8 16. Rf3 Rg8 17. Qxh7+ Kxh7 18. Rh3+ Bh4 19. f6+ Rg6 20. Rxh4+ Kg8
21. fxe7 Qxe7 22. Rf4 Rf6 23. Bd2 Rxf4 24. Bxf4 Qf6 25. Rf1 Qd4 26. Rf3 Bg4 27.
Ne2 Bxf3 28. Nxd4 Be4 29. Bxe4 dxe4 30. Nf5 Rd8 31. Nd6 b6 32. Kg1 Kg7 33. Nxe4
Kg6 34. Nc3 Kf5 35. g3 b5 36. Kf2 b4 37. Ne2 Rd1 38. Kf3 c5 39. g4+ Ke6 40. h4
Kd5 41. h5 Rd3+ 42. Be3 c4 43. Nf4+ 1-0

[Event "SR 3. liga A2 2016/2017"]
[Site "?"]
[Date "2016.10.16"]
[Round "1.3"]
[White "Bukovsky, Milan"]
[Black "Planka, Peter"]
[Result "1/2-1/2"]
[WhiteElo "1945"]
[BlackElo "1781"]
[PlyCount "62"]
[EventDate "2016.??.??"]

1. d4 Nf6 2. Nf3 e6 3. c4 b6 4. Nc3 Be7 5. e4 d6 6. Bd3 Bb7 7. O-O O-O 8. Qc2
h6 9. Bd2 c5 10. Rad1 Nc6 11. d5 Nb4 12. Qb1 Nxd3 13. Qxd3 e5 14. h3 Nh7 15.
Ne2 Bc8 16. Ng3 Bd7 17. Nf5 Bxf5 18. exf5 Ng5 19. Nxg5 Bxg5 20. f4 Bxf4 21.
Bxf4 exf4 22. Rxf4 Qf6 23. Rd2 Rfe8 24. Re4 Rxe4 25. Qxe4 Kf8 26. Re2 Rc8 27.
Kh2 Rb8 28. a4 a6 29. Kg3 Qg5+ 30. Kf3 Qf6 31. Kg3 Qg5+ 1/2-1/2

[Event "SR 3. liga A2 2016/2017"]
[Site "?"]
[Date "2016.10.16"]
[Round "1.3"]
[White "Zlamal, Marek"]
[Black "Bahna, Jan"]
[Result "1/2-1/2"]
[WhiteElo "1766"]
[BlackElo "1880"]
[PlyCount "85"]
[EventDate "2016.??.??"]

1. d4 d5 2. f4 Nf6 3. e3 e6 4. Nf3 Nbd7 5. Bd2 a6 6. a4 c5 7. b3 Be7 8. Bd3 Ne4
9. O-O Nxd2 10. Qxd2 cxd4 11. exd4 O-O 12. Qf2 Bf6 13. Nc3 Qc7 14. Ne2 g6 15.
Ng5 h6 16. Nf3 Bg7 17. Rac1 Qb6 18. Kh1 Nb8 19. Ne5 Nc6 20. Qh4 Nxe5 21. fxe5
Qd8 22. Qg3 Bd7 23. Nf4 Qg5 24. Qh3 Rad8 25. c4 dxc4 26. Rxc4 Rc8 27. Qf3 Rxc4
28. bxc4 Bc6 29. Be4 Rc8 30. d5 exd5 31. Nxd5 Be8 32. Nb6 Rc7 33. Bxb7 Qxe5 34.
Bd5 Qd6 35. Qe3 Re7 36. Qf2 Qc7 37. c5 Be5 38. h3 Bg3 39. Qf6 Be5 40. Qxg6+ Bg7
41. Qf5 Re5 42. Qf4 Qe7 43. Nc8 1/2-1/2

[Event "SR 3. liga A2 2016/2017"]
[Site "?"]
[Date "2016.10.16"]
[Round "1.3"]
[White "Krist, Milan"]
[Black "Jarabek, Milan"]
[Result "1/2-1/2"]
[WhiteElo "1868"]
[BlackElo "1706"]
[PlyCount "63"]
[EventDate "2016.??.??"]

1. d4 Nf6 2. Nf3 g6 3. c4 Bg7 4. Nc3 O-O 5. e4 d6 6. Be2 e5 7. dxe5 dxe5 8.
Qxd8 Rxd8 9. Bg5 Re8 10. O-O Bg4 11. Rfd1 c6 12. h3 Bxf3 13. Bxf3 Nbd7 14. Rd6
Re6 15. Rad1 Rxd6 16. Rxd6 h6 17. Be3 Kf8 18. Kf1 Ke7 19. Rd1 Nb6 20. b3 Rd8
21. Ke1 Rxd1+ 22. Kxd1 Kd7 23. Kc2 Kc7 24. Be2 Nc8 25. f3 Nh5 26. Nd1 Nf4 27.
Bf1 b6 28. g3 Ne6 29. h4 Nd4+ 30. Bxd4 exd4 31. Nf2 Ne7 32. Bh3 1/2-1/2

[Event "SR 3. liga A2 2016/2017"]
[Site "?"]
[Date "2016.10.16"]
[Round "1.3"]
[White "Harasta, Marian"]
[Black "Babirat, Michal"]
[Result "1/2-1/2"]
[WhiteElo "1622"]
[BlackElo "1815"]
[PlyCount "184"]
[EventDate "2016.??.??"]

1. d4 Nf6 2. c4 e6 3. Qc2 d5 4. c5 b6 5. c6 Bb4+ 6. Bd2 Bxd2+ 7. Nxd2 Ba6 8. a4
Qd6 9. Rc1 Qb4 10. Ngf3 Ne4 11. e3 Bxf1 12. Kxf1 Nxd2+ 13. Nxd2 a5 14. b3 Na6
15. Ke2 Qd6 16. Qd3 Nb4 17. Qb5 Na2 18. Rc2 Nb4 19. Rcc1 O-O 20. f4 Na2 21. Rc2
Nb4 22. Rcc1 f6 23. Nf3 h6 24. h4 Na2 25. Rc2 Nb4 26. Rcc1 Kf7 27. g4 Rg8 28.
g5 hxg5 29. hxg5 Rh8 30. Rhg1 Rh5 31. Rg2 Rah8 32. Kf2 Rh1 33. gxf6 gxf6 34.
Ng1 R1h2 35. Qe2 Qf8 36. Kf1 Rxg2 37. Qxg2 Qg7 38. Nf3 Qxg2+ 39. Kxg2 Ke7 40.
Kg3 Kd6 41. f5 Rg8+ 42. Kh3 e5 43. dxe5+ fxe5 44. Kh4 Rg2 45. f6 Rg6 46. f7 Rf6
47. Ng5 Ke7 48. Kg4 Nxc6 49. Nh7 Rg6+ 50. Kf5 Kxf7 51. Ng5+ Rxg5+ 52. Kxg5 Nb4
53. Rxc7+ Ke6 54. Rb7 d4 55. Rxb6+ Kd5 56. Rb5+ Ke4 57. exd4 exd4 58. Rxa5 d3
59. Rf5 d2 60. Rf1 Kd3 61. Kf4 Kc2 62. Ke3 Kxb3 63. Kxd2 Kxa4 64. Rf4 Kb5 65.
Rf5+ Kc4 66. Rf4+ Kc5 67. Rh4 Nd5 68. Kc2 Nb4+ 69. Kb3 Nd5 70. Rg4 Kd6 71. Re4
Kc5 72. Ra4 Nb6 73. Ra5+ Kd4 74. Rg5 Nd5 75. Rg4+ Kc5 76. Re4 Nf6 77. Re5+ Nd5
78. Rh5 Kd4 79. Rh4+ Kc5 80. Ra4 Nb6 81. Rb4 Nd5 82. Rh4 Ne3 83. Kc3 Nd5+ 84.
Kd3 Nb4+ 85. Ke4 Nc6 86. Rh5+ Kd6 87. Rd5+ Ke6 88. Rb5 Kd6 89. Rh5 Ne7 90. Kd4
Nc6+ 91. Kc4 Ne5+ 92. Kb5 Ke6 1/2-1/2

[Event "SR 3. liga A2 2016/2017"]
[Site "?"]
[Date "2016.10.16"]
[Round "1.3"]
[White "Holicky, Miroslav"]
[Black "Bartos, Bohumil"]
[Result "0-1"]
[WhiteElo "1771"]
[BlackElo "1660"]
[PlyCount "90"]
[EventDate "2016.??.??"]

1. e4 c5 2. Nf3 Nc6 3. c3 d5 4. exd5 Qxd5 5. Na3 a6 6. Nc2 Nf6 7. Ne3 Qd8 8. a4
e6 9. Be2 Be7 10. O-O O-O 11. Nc4 Qc7 12. a5 Bd7 13. d4 Rad8 14. g3 cxd4 15.
Bf4 e5 16. Nfxe5 Nxe5 17. Bxe5 Qc6 18. Nb6 Bh3 19. Bf3 Qb5 20. Re1 dxc3 21. Qc2
Qxb2 22. Qxb2 cxb2 23. Bxb2 Rd2 24. Rxe7 Rxb2 25. Rxb7 Re8 26. Nd5 Ra2 27. Rab1
Kf8 28. Nf4 Bc8 29. Rc7 Rxa5 30. Kg2 g5 31. Nd3 Bf5 32. Rbb7 Bg6 33. Nb2 Ra2
34. Nc4 g4 35. Bc6 Ree2 36. Nd6 Rxf2+ 37. Kg1 Rfd2 38. Rxf7+ Bxf7 39. Rxf7+ Kg8
40. Rxf6 Ra1+ 41. Rf1 Rxf1+ 42. Kxf1 Rxd6 43. Ba4 Rd2 44. Kg1 Kg7 45. Bb3 Kf6
0-1

[Event "SR 3. liga A2 2016/2017"]
[Site "?"]
[Date "2016.10.16"]
[Round "1.4"]
[White "Horak, Ivan"]
[Black "Kozinka, Roman"]
[Result "1/2-1/2"]
[WhiteElo "2048"]
[BlackElo "1990"]
[PlyCount "178"]
[EventDate "2016.??.??"]

1. e4 c5 2. Nc3 d6 3. f4 Nc6 4. Nf3 Nf6 5. d3 g6 6. g3 Bg7 7. Bg2 O-O 8. O-O
Bg4 9. h3 Bxf3 10. Qxf3 Rc8 11. g4 e6 12. f5 Nd7 13. Be3 Bd4 14. Rae1 Qh4 15.
Qf2 Qxf2+ 16. Rxf2 Nde5 17. Nb5 Bxe3 18. Rxe3 Rfd8 19. c3 a6 20. Na3 b5 21. Rd2
b4 22. Nc4 bxc3 23. bxc3 Rb8 24. Nxe5 Rb1+ 25. Kf2 dxe5 26. Re1 Rdb8 27. fxe6
fxe6 28. Ke2 R1b2 29. Red1 g5 30. Rxb2 Rxb2+ 31. Rd2 Rxd2+ 32. Kxd2 Kf7 33. Bf1
Ke7 34. Be2 Kd6 35. Bd1 Ne7 36. Be2 Ng6 37. Ke3 Nf4 38. Bf1 Ng6 39. Be2 Kc6 40.
d4 exd4+ 41. cxd4 cxd4+ 42. Kxd4 e5+ 43. Kc4 Nf4 44. Bf1 a5 45. a3 h6 46. a4
Ng6 47. Bg2 Ne7 48. Bf1 Nc8 49. Kc3 Nd6 50. Bd3 Kc5 51. Bc2 Nc4 52. Bd3 Ne3 53.
Be2 Ng2 54. Bb5 Nf4 55. Bf1 h5 56. gxh5 Nxh5 57. Be2 Ng3 58. Bf3 Nf1 59. Bg4
Ne3 60. Be2 Ng2 61. Bb5 Nf4 62. Bf1 Kd6 63. Kc4 Kc6 64. Kb3 Ne6 65. Bb5+ Kc5
66. Kc3 Kd6 67. Kd3 Nf4+ 68. Ke3 Nxh3 69. Kf3 Ke6 70. Kg4 Nf2+ 71. Kxg5 Nxe4+
72. Kg4 Kd5 73. Kf3 Kd4 74. Bc6 Nc3 75. Kf2 e4 76. Ke1 e3 77. Be8 Kc4 78. Bd7
Kb3 79. Be8 Kb4 80. Bd7 Kb3 81. Be8 Kb4 82. Bd7 Nxa4 83. Ke2 Nb6 84. Be6 Nc4
85. Kd3 Nd2 86. Kxe3 Nb3 87. Bd7 Kc3 88. Be8 Nd4 89. Kf2 a4 1/2-1/2

[Event "SR 3. liga A2 2016/2017"]
[Site "?"]
[Date "2016.10.16"]
[Round "1.4"]
[White "Gajarsky, Julius"]
[Black "Sefcik, Marek St"]
[Result "0-1"]
[WhiteElo "1760"]
[BlackElo "2032"]
[PlyCount "122"]
[EventDate "2016.??.??"]

1. d4 Nc6 2. Nf3 d6 3. e4 Nf6 4. Nc3 Bg4 5. Be2 g6 6. Be3 Bg7 7. h3 Bxf3 8.
Bxf3 e5 9. d5 Ne7 10. Qd2 h6 11. Rd1 Qd7 12. b4 a6 13. a4 b6 14. g4 g5 15. Qd3
Ng6 16. Be2 Qe7 17. f3 Nd7 18. Na2 Nf4 19. Qc3 Ng2+ 20. Kf2 Nxe3 21. Kxe3 Nb8
22. Qd2 Bf6 23. c4 Nd7 24. Kf2 Kf8 25. Nc1 a5 26. Nd3 Kg7 27. b5 Nf8 28. Kg2
Ng6 29. Nf2 h5 30. Rdg1 Rag8 31. Nd1 hxg4 32. hxg4 Rxh1 33. Rxh1 Nh4+ 34. Kf2
Rh8 35. Ne3 Qf8 36. Rxh4 gxh4 37. Nf5+ Kg6 38. Kg2 h3+ 39. Kh1 Bg5 40. Qe1 Qd8
41. Qg1 Bf4 42. Bf1 h2 43. Qf2 Bc1 44. Qg2 Qg5 45. Qf2 Ba3 46. Qe3 Qxe3 47.
Nxe3 Kg5 48. Nf5 Kf4 49. Bg2 Bc5 50. Ng7 Bg1 51. Nf5 Rh7 52. Ne7 Ke3 53. Nf5+
Kd3 54. Bf1+ Kc3 55. Be2 Kb4 56. Bd1 Kxc4 57. Ng3 Rh3 58. Nh5 Kd3 59. Nf6 Kd2
60. Ne8 Kxd1 61. Nxc7 Rxf3 0-1

[Event "SR 3. liga A2 2016/2017"]
[Site "?"]
[Date "2016.10.16"]
[Round "1.4"]
[White "Chabada, Tomas St"]
[Black "Kozinka, Jan"]
[Result "1-0"]
[WhiteElo "1940"]
[BlackElo "1715"]
[PlyCount "73"]
[EventDate "2016.??.??"]

1. e4 c5 2. Nf3 Nc6 3. d3 g6 4. g3 Bg7 5. Bg2 Nf6 6. O-O O-O 7. c3 d6 8. Re1
Qc7 9. d4 Bg4 10. h3 Bxf3 11. Bxf3 Rad8 12. d5 Ne5 13. Bg2 a6 14. Nd2 Nd3 15.
Re3 Nxc1 16. Rxc1 Nd7 17. Qe2 Bh6 18. f4 b5 19. Rf1 c4 20. Ref3 Nc5 21. b3 cxb3
22. axb3 Bg7 23. g4 Nd7 24. c4 b4 25. h4 Bd4+ 26. Kh1 Nf6 27. Rh3 Bc3 28. Nb1
Bd4 29. h5 gxh5 30. g5 Ng4 31. Rxh5 Nf2+ 32. Rxf2 Bxf2 33. Qxf2 Kg7 34. Qh4 Rh8
35. Bh3 e6 36. f5 exd5 37. f6+ 1-0

[Event "SR 3. liga A2 2016/2017"]
[Site "?"]
[Date "2016.10.16"]
[Round "1.4"]
[White "Vagovic, Milan"]
[Black "Husek, Lubomir"]
[Result "0-1"]
[WhiteElo "1679"]
[BlackElo "1873"]
[PlyCount "118"]
[EventDate "2016.??.??"]

1. d4 d5 2. c4 c6 3. Nc3 e6 4. Nf3 Nd7 5. cxd5 exd5 6. e3 Ngf6 7. Bd3 g6 8. O-O
Bg7 9. Re1 O-O 10. e4 dxe4 11. Nxe4 Nxe4 12. Bxe4 Nf6 13. Bc2 Bg4 14. Be3 Qa5
15. h3 Bf5 16. Bb3 Be4 17. Ng5 Bd5 18. Bxd5 Nxd5 19. Bd2 Qd8 20. Nf3 Qf6 21.
Qb3 Rab8 22. Re4 Qd6 23. Rae1 Bf6 24. Ne5 Bg7 25. Nc4 Qd7 26. Ne5 Qd6 27. a3
Qc7 28. Nf3 Qb6 29. Qc2 Rbd8 30. b4 Qc7 31. Qc1 Qc8 32. Bh6 Nf6 33. Rh4 Rfe8
34. Rxe8+ Rxe8 35. Bxg7 Kxg7 36. Qh6+ Kg8 37. Ng5 Re1+ 38. Kh2 Qf8 39. Qxf8+
Kxf8 40. Nxh7+ Nxh7 41. Rxh7 Kg8 42. Rh4 Ra1 43. Re4 Kf8 44. Re3 Rd1 45. Re4
Rd3 46. a4 Rb3 47. d5 cxd5 48. Rd4 Ke7 49. Rxd5 Rxb4 50. a5 a6 51. g4 Rb5 52.
Rd3 Rxa5 53. f4 b5 54. Kg3 b4 55. Rd4 Rb5 56. Kf2 b3 57. Rd1 a5 58. Ke2 a4 59.
Kd2 Rd5+ 0-1

[Event "SR 3. liga A2 2016/2017"]
[Site "?"]
[Date "2016.10.16"]
[Round "1.4"]
[White "Kahanek, Jaroslav"]
[Black "Rau, Vladimir"]
[Result "1/2-1/2"]
[WhiteElo "1872"]
[BlackElo "1595"]
[PlyCount "102"]
[EventDate "2016.??.??"]

1. d4 d5 2. e3 Nf6 3. Nc3 Bf5 4. Bd3 Bxd3 5. cxd3 g6 6. Nf3 Bg7 7. e4 dxe4 8.
dxe4 O-O 9. O-O e6 10. Be3 c6 11. Qb3 Qb6 12. Qxb6 axb6 13. b4 Ra3 14. Rfc1
Nbd7 15. h3 Rfa8 16. Nd2 b5 17. Nb3 b6 18. Rab1 Bf8 19. Nd2 Kg7 20. Rb2 h5 21.
Ndb1 R3a6 22. a3 c5 23. Nxb5 Rc8 24. Nd2 Raa8 25. Rbc2 Kh7 26. dxc5 bxc5 27.
Bxc5 Nxc5 28. bxc5 Bh6 29. Rb1 Bxd2 30. Rxd2 Nxe4 31. Rd7 Nxc5 32. Rxf7+ Kg8
33. Rf3 Rab8 34. Rg3 Kg7 35. Kh2 Ne4 36. Re3 Nd2 37. Rd1 Rd8 38. Nc3 Rb3 39. a4
Nc4 40. Rxd8 Nxe3 41. fxe3 Rxc3 42. a5 Rxe3 43. a6 Ra3 44. Rd7+ Kf6 45. a7 e5
46. Kg1 Ra2 47. g3 e4 48. Kf1 Ke6 49. Rb7 Kf6 50. Ke1 e3 51. Rb6+ Kf7 1/2-1/2

[Event "SR 3. liga A2 2016/2017"]
[Site "?"]
[Date "2016.10.16"]
[Round "1.4"]
[White "Dobis, Pavol"]
[Black "Kovarik, Oto"]
[Result "1/2-1/2"]
[WhiteElo "1614"]
[BlackElo "1803"]
[PlyCount "53"]
[EventDate "2016.??.??"]

1. d4 d5 2. c4 e6 3. Nc3 dxc4 4. e3 c5 5. Nf3 cxd4 6. Nxd4 e5 7. Nf3 Qxd1+ 8.
Kxd1 Bg4 9. Be2 Nc6 10. h3 O-O-O+ 11. Bd2 Bxf3 12. Bxf3 Nge7 13. Be2 Nd5 14.
Nxd5 Rxd5 15. Bxc4 Rd8 16. Ke2 f6 17. a3 a6 18. Rhd1 Be7 19. Rac1 Rd6 20. b4 b5
21. Bd3 g6 22. Be4 Kd7 23. Be1 Rc8 24. Rxd6+ Bxd6 25. Bxc6+ Rxc6 26. Rxc6 Kxc6
27. Kd3 1/2-1/2

[Event "SR 3. liga A2 2016/2017"]
[Site "?"]
[Date "2016.10.16"]
[Round "1.4"]
[White "Vach, Jozef"]
[Black "Rusnacik, Milan"]
[Result "1-0"]
[WhiteElo "1706"]
[BlackElo "1296"]
[PlyCount "59"]
[EventDate "2016.??.??"]

1. e4 c5 2. Nf3 Nc6 3. d4 cxd4 4. Nxd4 d6 5. Nc3 a6 6. Be3 Bd7 7. Be2 Nf6 8.
O-O e6 9. Qd2 Be7 10. h3 Qc7 11. f4 Rc8 12. Bf3 b5 13. Rac1 Na5 14. Nd1 Nc4 15.
Qf2 Nxe3 16. Nxe3 Qb6 17. Rfd1 O-O 18. f5 e5 19. Ne2 Ne8 20. Nc3 Bg5 21. Ncd5
Qa7 22. h4 Bh6 23. Rd3 Bc6 24. Re1 a5 25. c3 Rb8 26. g4 g6 27. g5 Bg7 28. f6
Bh8 29. Ng4 Bxf6 30. Qxa7 1-0

[Event "SR 3. liga A2 2016/2017"]
[Site "?"]
[Date "2016.10.16"]
[Round "1.5"]
[White "Liptak, Tomas"]
[Black "Sebesta, Radovan"]
[Result "0-1"]
[WhiteElo "2240"]
[BlackElo "1998"]
[PlyCount "74"]
[EventDate "2016.??.??"]

1. e4 c5 2. Nf3 Nc6 3. c4 g6 4. d4 cxd4 5. Nxd4 Bg7 6. Be3 Nf6 7. Nc3 Ng4 8.
Qxg4 Nxd4 9. Qd1 Ne6 10. Rc1 Qa5 11. a3 d6 12. Be2 O-O 13. O-O Re8 14. Rc2 Qd8
15. Nd5 Bd7 16. Rd2 b6 17. b4 Bc6 18. Bg4 Nc7 19. Bg5 Nxd5 20. exd5 Bd7 21. Be2
a5 22. b5 Bf5 23. g4 Bd7 24. Kg2 Qc8 25. Be3 Rb8 26. h4 h5 27. f3 e5 28. Rg1 e4
29. gxh5 Bh3+ 30. Kf2 exf3 31. Bd3 Bg2 32. Rxg2 fxg2 33. Bg5 Qh3 34. Be2 Be5
35. Rd3 Qh2 36. Qg1 Bg3+ 37. Rxg3 Rxe2+ 0-1